| 000 | 00924nam a2200301Ia 4500 | ||
|---|---|---|---|
| 001 | 57323 | ||
| 003 | IT-RoPAU | ||
| 008 | 130308s9999 xx 000 0 und d | ||
| 040 | _aIT-RoPAU | ||
| 040 | _cIT-RoPAU | ||
| 041 | _aFRANCESE | ||
| 100 | _aLeibniz Gottfried Wilhelm | ||
| 100 | _gCodice Aut. SPICS: 11840 | ||
| 245 | _aBref essai sur l'origine des peuples deduite principalement des Indications fournies par les langues | ||
| 245 | _bGenese de la Pensee Linguistique | ||
| 250 | _a1a ed. | ||
| 260 | _aPARIS | ||
| 260 | _bColin Armand | ||
| 260 | _c1973 [1° Ed.:1973 - Ed.Ling.Originale:1710] | ||
| 300 | _a"17 p. (prefazione: no ; testo: 17 [pagine: 46-62])" | ||
| 500 | _aSaggio Sull'Origine dei Popoli Dedotta Specialmente da indicazioni Fornite Dalle Lingue | ||
| 650 | _aLINGUISTICA | ||
| 650 | _eCodice materia Spics: 3201 | ||
| 942 | _cBK | ||
| 957 | _71 | ||
| 999 |
_c39149 _d39149 |
||
| 999 | _bSI | ||
| 999 | _g1 | ||